Geschichte der deutschen Literatur. Literatur der Deutschen Demokratischen Republik

Bibliographic Details
Main Author: Haase, Horst (Author)
Format: Book
Language:Undetermined
PhysicalDescription:907 s.
Published: Berlin Volk und Wissen 1976

MARC

LEADER 00000nam a2200000 a 4500
001 vtls001331815
003 SK-MaSNL
005 20260301065913.0
008 240314s1976 xx 0 und
035 |a SNK000284707 
040 |a SNK  |b slo  |c SNK  |e AACR2 
100 1 |a Haase, Horst  |4 aut  |9 385322 
245 1 0 |a Geschichte der deutschen Literatur.  |b Literatur der Deutschen Demokratischen Republik 
260 |a Berlin  |b Volk und Wissen  |c 1976 
300 |a 907 s. 
999 |c 632413  |d 634343 
952 |t snkGES/11 830  |a SNKUST  |b SNKUST  |y PREZ  |7 0  |p 17A0113488  |o snkIC 31658/11  |i snkV 2250/76  |8 2  |0 0  |1 0  |4 0  |d 1998-05-20  |l 0  |r 2025-03-21 00:00:00  |w 2026-02-23